Excelência em gestão pública : (Record no. 1359)

MARC details
000 -LÍDER
Campo Fixo de Controle 00778nam a2200253 a 4500
001 - NÚMERO DE CONTROLE
Campo de Controle 1359
003 - IDENTIFICAÇÃO DO NÚMERO DE CONTROLE
Campo de Controle BR-CuiBMT
005 - DATA E HORA DA ÚLTIMA ATUALIZAÇÃO
Campo de Controle 20231205220934.0
008 - DADOS FIXOS
Dados Fixos 231205s2007 Rjba 000 0 por d
020 ## - INTERNATIONAL STANDARD BOOK NUMBER
Nº do ISBN 9788573037357
040 ## - AGÊNCIA CATALOGADORA
Código da Agência Catalogadora BR-CuiBMT
Agência que transcreveu o registro BR-CuiBMT
080 ## - Nº DA CLASSIFICAÇÃO DECIMAL UNIVERSAL
Nº Class. CDU 35
Nº edição CDU 2007
090 ## - NÚMERO DE CHAMADA
Nº classificação 35
Cutter L732e
100 10 - ENTRADA PRINCIPAL -- AUTOR PESSOAL
Nome pessoal Lima, Paulo Daniel Barreto.
245 10 - TÍTULO PRINCIPAL
Título principal Excelência em gestão pública :
Subtítulo a trajetória e a estratégia do gespública /
Indicação de responsabilidade Paulo Daniel Barreto Lima.
260 ## - PUBLICAÇÃO, DISTRIBUIÇÃO, ETC.
Local de publicação Rio de Janeiro :
Editora Qualitymark ,
Data 2007.
300 ## - DESCRIÇÃO FÍSICA
N. páginas ou volumes xviii, 227 p. :
Ilustrações il ;
Dimensões 23 cm
490 ## - INDICAÇÃO DE SÉRIE
Título da série Série gespública
504 ## - NOTA DE BIBLIOGRAFIA, ETC.
Nota de bibliografia Inclui bibliografia.
650 ## - ASSUNTO TÓPICO
Cabeçalho tópico ou nome geográfico Administração pública
Subdivisão geográfica Brasil
650 ## - ASSUNTO TÓPICO
Cabeçalho tópico ou nome geográfico Gestão da qualidade total
830 ## - ENTRADA SECUNDÁRIA DE SÉRIE -- TÍTULO UNIFORME
Título uniforme gespública
942 ## - ELEMENTOS DE ENTRADA ADICIONAIS (KOHA)
Fonte de classificação ou esquema de arquivamento Classificação Decimal Universal
Tipo de item do Koha Livros
Holdings
Estado: removido Estado: perdido Fonte de classificação ou esquema de arquivamento Estado: danificado Indisponível para empréstimo Localização permanente Localização atual Data de aquisição Total Checkouts Número de Chamada completo Código de barras Date last seen Número do exemplar Preço efetivo a partir de Tipo de item (Koha)
    Classificação Decimal Universal     Biblioteca da Escola Superior de Contas do TCE/MT Biblioteca da Escola Superior de Contas do TCE/MT 02/04/2013   35 L732e BIBTCEMT23120237 05/12/2023 Ex. 1 05/12/2023 Livros

Powered by Koha